000 00624nam a2200217Ia 4500
003 OSt
005 20220928144324.0
006 a|||||r|||| 00| 0
007 ta
008 220927b |||||||| |||| 00| 0 eng d
024 _a65035
037 _cTextual
040 _aSDCL
_cSDCL
_beng
041 _2eng
_aeng
082 _aX:5384p1,N95, N6
100 _aBabu B Ramesh Ed.
_9507599
245 0 _aChanging global political ideological context and Afro-Asia
_b Strategies for development.
260 _c1996
942 _hX:5384p1,N95, N6
_cTEXL
_2CC
999 _c827022
_d827022